000 00739pam a2200229 a 4500
008
020 _a0521656028 (pbk.)
049 _aMAIN
090 _aQA76.9.L63
_bHUT
100 1 _aHuth, Michael.
245 1 0 _aLogic in computer science :
_bmodelling and reasoning about systems /
_cMichael Huth, Mark Ryan.
260 _aCambridge, [England] ;
_aNew York :
_bCambridge University Press,
_c2000.
300 _axviii, 387 p. :
_bill. ;
_c25 cm.
504 _aIncludes bibliographical references.
650 0 _aComputer logic.
700 1 _aRyan, Mark.
907 _a.b1019812x
_b27-03-12
_c06-04-06
003
005 20230123134205.0
040 _cNUST
942 _cBOOKS
_kQA76.9.L63
_mHUT
999 _c161605
_d161605